Star wars: Jedi And Sith - Statistics

General Stats
  • This quiz has been taken 30 times
  • The average score is 8 of 11
Answer Stats
Answer % Correct
Darth Vader
100%
Yoda
92%
Obi Wan Kenobi
85%
Luke
81%
Qui Gon Jinn
81%
Count Dooku
73%
Darth Maul
65%
Kylo Ren
62%
Rey
62%
Darth Sidious
54%
Plo Koon
50%
No matching quizzes found
Score Distribution
Percent of People with Each Score
Percentile by Number Answered
Your Score History
You have not taken this quiz